Estudio de algunos minerales de Espluga de Francolí (Tarragona) / (Record no. 145344)
[ view plain ]
| 000 -LEADER | |
|---|---|
| campo de control de longitud fija | 00968nam a2200229 4500 |
| 001 - NÚMERO DE CONTROL | |
| campo de control | 145344 |
| 003 - IDENTIFICADOR DE NÚMERO DE CONTROL | |
| campo de control | ES-MaACL |
| 005 - FECHA Y HORA DE LA ÚLTIMA TRANSACCIÓN | |
| campo de control | 20230906201219.0 |
| 007 - CAMPO FIJO DE DESCRIPCIÓN FÍSICA--INFORMACIÓN GENERAL | |
| campo de control de longitud fija | t| |
| 008 - DATOS DE LONGITUD FIJA--INFORMACIÓN GENERAL | |
| campo de control de longitud fija | 070214s1932 sp r ||||1| cat d |
| 100 1# - ENTRADA PRINCIPAL--NOMBRE DE PERSONA | |
| Nombre de persona | Soriano Garcés, V. |
| 9 (RLIN) | 107393 |
| 245 10 - MENCIÓN DEL TÍTULO | |
| Título | Estudio de algunos minerales de Espluga de Francolí (Tarragona) / |
| Mención de responsabilidad, etc. | per V. Soriano Garcés. |
| 260 ## - PUBLICACIÓN, DISTRIBUCIÓN, ETC. | |
| Lugar de publicación, distribución, etc. | Barcelona : |
| Nombre del editor, distribuidor, etc. | Museu de Ciènces Naturals, |
| Fecha de publicación, distribución, etc. | 1932 ( |
| Fabricante | Imp. Elzeviriana) |
| 300 ## - DESCRIPCIÓN FÍSICA | |
| Extensión | 26 p. : |
| Otras características físicas | il. ; |
| Dimensiones | 24 cm. |
| 490 1# - MENCIÓN DE SERIE | |
| Mención de serie | Traballs del Museu de Ciències Naturals de Barcelona. Serie mineralógica ; |
| Designación de volumen o secuencia | 9 |
| 500 ## - NOTA GENERAL | |
| Nota general | Precede al tít.: Publicaciones de la Junta de Ciencias Naturales de Barcelona. |
| 710 2# - ENTRADA AGREGADA--NOMBRE DE ENTIDAD CORPORATIVA | |
| Nombre de entidad corporativa o nombre de jurisdicción como elemento de entrada | Museu de Ciències Naturals de la Ciutadella. |
| 9 (RLIN) | 5939 |
| 710 2# - ENTRADA AGREGADA--NOMBRE DE ENTIDAD CORPORATIVA | |
| Nombre de entidad corporativa o nombre de jurisdicción como elemento de entrada | Junta de Ciencias Naturales de Barcelona. |
| 9 (RLIN) | 5383 |
| 830 0# - PUNTO DE ACCESO ADICIONAL DE SERIE-TÍTULO UNIFORME | |
| Título uniforme | Traballs del Museu de Ciències Naturals de Barcelona. Serie mineralógica ; |
| Designación de volumen o secuencia | 9 |
| 9 (RLIN) | 220754 |
| 852 ## - LOCALIZACIÓN | |
| Ubicación | ES-MaACL |
| Número de control de estantería | 1961-F-22 |
| Estatus retirado | Estado de pérdida | Estado de daño | No para préstamo | Colección | Biblioteca de origen | Biblioteca actual | Ubicación en estantería | Fecha de adquisición | Fuente de adquisición | Total de préstamos | Signatura topográfica completa | Código de barras | Visto por última vez | Precio de reemplazo | Tipo de ítem Koha |
|---|---|---|---|---|---|---|---|---|---|---|---|---|---|---|---|
| Colección de folletos | Biblioteca del Ateneo de Madrid | Biblioteca del Ateneo de Madrid | Depósito folletos | 17/01/2008 | 1961-F-22 | 1151716 | 23/02/2023 | 23/02/2023 | Folleto |
